A-Z Keypad Blitz III Quiz Stats

 Plays Quiz Updated Jul 2, 2018

Also try: A-Z Keypad Blitz
Challenge
Share
Tweet
Embed
Score 0/64 Timer 12:00
2 Plays Today
% Correct
Alpha...
96.5%
Delta...
91.3%
Airman...
89.4%
Gamma...
86.6%
Phi...
85.9%
Mu...
85.6%
Park...
85.5%
Alley...
84.3%
Abu Dhabi...
81.5%
Anaheim...
78.7%
Dallas...
78%
Junction...
77.7%
Memphis...
77.5%
Private...
76.6%
Xi...
76.4%
Wake Forest...
76.1%
Georgia...
75.9%
Kappa...
75.6%
General...
75.4%
Taipei...
74.9%
Maryland...
74.6%
Tennessee...
74.6%
Philadelphia...
73.6%
Tau...
72.8%
Dale...
71.4%
Alabama...
71.3%
Walk...
71.1%
Tampa Bay...
70.8%
Palau...
70.5%
Golden State...
70.4%
Kansas...
69.2%
Jacksonville...
69%
% Correct
Washington...
68.4%
Penn State...
67.9%
Duke...
67%
Algeria...
66.7%
Lance Corporal...
66.7%
Garden...
66.5%
Gabon...
61.9%
Manila...
61.8%
Amadeus...
61%
Tajikistan....
59%
Terrace...
58.9%
Jamaica...
58.8%
Seoul...
58.6%
Terms of Endearment...
56.1%
Jakarta...
54.7%
Djibouti...
54.6%
Yemen...
54.5%
Macedonia...
54%
Major...
51.4%
Patton...
50.5%
Gandhi...
49.5%
Dances with Wolves...
45.1%
Hanoi...
43.4%
Mall...
42.4%
Kramer Vs. Kramer...
41%
Midnight Cowboy...
39.6%
Ensign...
35.9%
Damascus...
30.8%
Yerevan
12%
Technical Sergeant...
11.4%
West Side Story
11.2%
Warrant Officer
9.2%

You're not logged in!

Compare scores with friends on all Sporcle quizzes.
OR
Log In

You Might Also Like...

Show Comments

Extras

Top Quizzes Today


Score Distribution

Your Account Isn't Verified!

In order to create a playlist on Sporcle, you need to verify the email address you used during registration. Go to your Sporcle Settings to finish the process.

Report this User

Report this user for behavior that violates our Community Guidelines.

Details: